000 01314nji a22003017a 4500
005 20100915154959.0
006 a|||||r|||||00| 0
007 sd ammalaaahaa
008 100830t xxu||||| |||| 00| 0 eng d
028 _a7EPE.4194
_bEMI
035 _aGR-02706
040 _aSED
_cSED
100 _917455
_aMangeshkar, Usha
245 _aDati de darbar di loko mangti aan /
_csung by Usha Mangeshkar; music by Surinder Kohli; lyric by Munsif
_h[sound recording] :
246 _aदाती दे दरबार दी लोको मांगती आन /
260 _aDum Dum, India
_bEMI
_c1976
300 _a1 sound disc [Gramophone Recording]:
_banalog, 45 rpm
_c7.5 in. (SP)
_fGramophone Record
500 _aBrief Record
500 _aRecord labels : EMI, Red
505 _aSide-2 तेरा दिल विच मंदिर बना लिया, आजा माँ पहाड़ा वालिये (Tera dil vich mandir bana leya, aaja maa pahadan waliye) (Usha Mangeshkar)
600 _aMangeshkar, Usha
_919590
650 _aPunjabi Songs
_zIndia
_91186
_xExcerpts
650 _aDevotional Song
_920214
700 _akohli, Surinder
_920238
700 _aMunsif
_920239
942 _2ddc
_cGR
999 _c46037
_d46037